[Event "ICS rated standard match"]
[Site "204.178.125.65"]
[Date "1999.11.13"]
[Round "?"]
[White "expert101"]
[Black "Hossa"]
[Result "1-0"]
[WhiteElo "2081"]
[BlackElo "2349"]
[Annotator "Hiarcs 7.32 (22s)"]
[PlyCount "127"]
[EventDate "1999.??.??"]

1. e4 1... c5 {Opening = B54 - 4.Nd4(Nf6 5.f3 e5 6.---)} 2. Nf3 d6 3. d4 cxd4
4. Nxd4 a6 (4... g6 5. Nc3 Bg7 6. Bc4 Nc6 7. Nxc6 bxc6 8. O-O Nf6 9. Bg5 h6 10.
Bh4 O-O 11. f4 Qe8 12. Qf3 Be6 13. Bd3 d5 14. f5 dxe4 15. Nxe4 Nxe4 16. fxe6
Nd2 17. exf7+ Rxf7 18. Qxf7+ Qxf7 19. Rxf7 Kxf7 20. Rd1 Bd4+ 21. Bf2 {
1-0 Orlov,V-Podsosov,R/URS-chJ Jurmala 1992/EXP 28 (21)}) 5. f4 $14 (5. Bc4 g6
6. O-O Nf6 7. Nc3 Bg7 8. f4 Nxe4 9. Nxe4 d5 10. Nf3 O-O 11. Qxd5 Qxd5 12. Bxd5
Rd8 13. Bb3 Nc6 14. Nfg5 e6 15. Be3 h6 16. Nf3 Bxb2 17. Rad1 b5 18. Rxd8+ Nxd8
19. Bd4 Ba3 20. c4 Bb7 21. Nf6+ Kf8 22. Ne5 Nc6 23. Nxc6 Bxc6 24. c5 Rd8 25.
Rd1 Ke7 26. Ng4 Kf8 27. Nxh6 a5 28. Ng4 a4 29. Bg7+ {
1-0 Anquandah,F-Mabile,B/Dubai olm 1986/TD 86\02 (29)}) (5. c4 e5 6. Nc2 Nc6 7.
Be2 Nf6 8. Nc3 Be7 9. O-O O-O 10. Ne3 Nd4 11. Ned5 Nxe2+ 12. Qxe2 Nxd5 13. Nxd5
Be6 14. Qd3 Rc8 15. Be3 Bxd5 16. Qxd5 Rc6 17. Rac1 Bg5 18. Bxg5 Qxg5 19. Rc3
19... Qe7 {Briffel,F-Seegolam,P/Manila olm 1992/TD 92\02/1/2-1/2 (48)}) (5. Nc3
e5 6. Nf3 6... Nf6 $16) (5. Bd3 Nf6 6. O-O e5 7. Nb3 Be7 8. a4 Be6 9. f4 Qc7
10. Qf3 Nbd7 11. Kh1 O-O 12. Nc3 exf4 13. Bxf4 Ne5 14. Bxe5 dxe5 15. Nc1 Rfd8
16. N1e2 Rd7 17. h3 Rad8 18. b3 Bxb3 19. Bxa6 19... bxa6 {
Marzahn,H-Mayer,H/Hessen qual 1991/GER 02/0-1 (30)}) 5... e5 6. Nf3 exf4 7.
Bxf4 Qb6 8. Qd4 Qxd4 9. Nxd4 Nc6 10. Nxc6 10... bxc6 {Befestigt b5} 11. Nc3
11... Nf6 {Mit der Idee Sg8-f6-g4-e5} 12. O-O-O Ng4 13. Rd2 13... Ne5 {
Eine wichtige Figur} 14. Bxe5 dxe5 15. Bc4 Bb4 16. Rf1 Rf8 17. Rd3 f5 18. exf5
Rxf5 19. Rxf5 Bxf5 20. Re3 Bd6 21. Bd3 21... g6 $16 (21... Bxd3 $5 {
ist zu ueberlegen} 22. Rxd3 22... O-O-O $14) 22. Ne4 $11 (22. Bxf5 $5 22...
gxf5 23. Rf3 $16) 22... Ke7 23. h3 Bxe4 24. Rxe4 Kf6 25. a3 a5 26. Ra4 Ke6 27.
Be4 Kd7 28. b4 Bc7 29. Kb2 Rb8 30. c3 Bb6 31. Kc2 axb4 32. axb4 32... Rf8 $16 (
32... Kc7 $5 $14) 33. Ra6 33... Kc7 $18 (33... Rb8 $5 $16) 34. c4 Rf2+ 35. Kd3
35... Rb2 $4 {ein Versehen in unangenehmer Stellung} (35... Kb7 $142 36. b5
36... Rf6 $18) 36. c5 Rxb4 37. cxb6+ (37. Rxb6 {
damit wuerde Weiss es sich noch erleichtern} 37... Rxb6 38. cxb6+ 38... Kxb6
$18) 37... Rxb6 (37... Kd6 {hilft auch nicht mehr} 38. b7 Rxb7 39. Bxc6 Rb3+
40. Kc4 $18) 38. Rxb6 Kxb6 39. Kc4 Kc7 40. Kc5 Kd7 41. Bxc6+ Ke7 42. Kd5 Kf6
43. Bd7 Kg7 (43... h6 {ist vielleicht noch ein Schwindelversuch} 44. Ke4 44...
h5 $18) 44. Kxe5 g5 45. Kf5 h6 46. g4 Kf7 47. Ba4 Ke7 48. Kg6 h5 49. Kxh5 Kf6
50. Kh6 (50. h4 $142 {und Weiss gewinnt} 50... Ke5 $18) 50... Kf7 51. Kxg5 Ke7
52. h4 Kf7 53. h5 {Droht Matt: h6} 53... Ke6 54. h6 {Droht Matt: h7} 54... Kd5
55. h7 Ke4 56. h8=Q {Droht Matt} 56... Kf3 57. Qd4 $18 (57. Bc6+ Ke3 58. Qc3+
Kf2 59. Kf4 Kf1 60. Qf3+ Ke1 61. Qe3+ Kf1 62. Bb5+ Kg2 63. Qg3+ Kh1 64. Bc6#)
57... Ke2 58. Qc3 $18 (58. Bb5+ Kf3 59. Qf4+ Kg2 60. Bc6+ Kh3 61. Qf3+ Kh2 62.
Qg2#) 58... Kf2 59. Qd3 Ke1 60. Qc2 Kf1 61. Bb5+ Kg1 62. Qe2 Kh1 63. Bc6+ Kg1
64. Qg2# 1-0

[Event "ICS Rated blitz match"]
[Site "204.178.125.65"]
[Date "1999.11.13"]
[Round "?"]
[White "Hossa"]
[Black "NonWimp"]
[Result "0-1"]
[WhiteElo "2415"]
[BlackElo "2739"]
[Annotator "Hiarcs 7.32 (22s)"]
[PlyCount "174"]
[EventDate "1999.??.??"]

1. e4 1... e5 {Opening = C42 - 2.Nf3 Nf6 3.---} 2. Nf3 Nf6 3. Nxe5 Qe7 4. d4 d6
5. Nf3 Qxe4+ 6. Be2 Bf5 7. c4 Be7 8. Bg5 O-O 9. Nc3 Qg4 10. O-O Bd7 11. Qd2 h6
12. Bxf6 Bxf6 13. Nd5 Bd8 14. Ne5 Qh4 15. Nxd7 Nxd7 16. Rfe1 c6 17. Ne3 Bg5 18.
g3 Qe4 19. Bf1 Rfe8 20. Bg2 Qg6 21. f4 Bd8 22. Rac1 Bb6 23. a4 Qf6 24. Rcd1 a5
25. Qd3 Rad8 26. Nc2 Nf8 27. Rxe8 Rxe8 28. Qb3 Qd8 29. Rd2 Nd7 30. Rd3 Re2 31.
Bf3 Re7 32. Re3 Rxe3 33. Qxe3 Nf6 34. Bg2 Qd7 35. Qb3 Qf5 36. Bf1 Nd7 37. Qd3
Qe6 38. Bg2 Bd8 39. Ne3 Nf6 40. f5 Qe7 41. b3 Bc7 42. Kh1 Bb6 43. Bf3 Nh7 44.
Nc2 Qg5 45. Be2 Nf6 46. Kg2 Nd7 47. Bf3 Qc1 48. Bd1 Bd8 49. Ne1 d5 50. Qe2
50... dxc4 $16 (50... Bf6 51. Qe8+ $1 {ein unangenehmes Schach} 51... Kh7 $18)
51. Qe8+ Kh7 52. Bh5 $1 {
die richtige Fortsetzung, um den Vorteil festzuhalten. Droht Matt} 52... Qd2+
53. Kf1 $1 {bleibt am Druecker} 53... Qg5 54. Bxf7 $11 (54. Qxf7 $142 54... Qe7
55. Qxc4 $16) 54... Qxf5+ 55. Kg1 {Droht Matt: Qg8} 55... Nf6 56. Qxd8 Qe4 57.
Qxa5 57... cxb3 {Schwarz spielt seinen Trumpf aus} 58. Bxb3 Qe3+ 59. Kg2 Qxb3
60. Qf5+ Kg8 61. Qc8+ Kf7 62. Nf3 Qa2+ 63. Kg1 Qb1+ 64. Kg2 64... Ke7 $11 (
64... Kg6 65. g4 $15) 65. Ne5 Kd6 66. Qd8+ $17 (66. Qf8+ $5 $142 {
kam sehr in Betracht} 66... Kd5 67. Qxg7 Qc2+ 68. Kh3 Qf5+ 69. Kg2 Qc2+ 70. Kh3
Qf5+ 71. Kg2 Qe4+ 72. Kh3 72... Qf5+ $11) 66... Ke6 67. a5 Kf5 68. g4+ $19 (68.
Qc8+ Ke4 69. Qe6 Qb2+ 70. Kh3 Kxd4 71. Nf3+ Kd3 72. Ne5+ Kc2 73. Qf5+ Kc3 74.
a6 bxa6 75. Qd3+ Kb4 76. Qc4+ Ka5 77. Qc5+ Ka4 78. Qc4+ Ka5 79. Nxc6+ Kb6 80.
Nb4 $11) 68... Ke4 69. Qe7 $2 (69. h4 $19 $142) 69... Nd5 $1 {
zwingend und schoen. Es droht Matt} 70. Nc4+ Kxd4 71. Nd2 Nxe7 72. Nxb1 c5 73.
Na3 Kd3 74. Nb5 (74. Kf2 {hilft auch nicht mehr} 74... Nc6 $19) 74... c4 75.
Nc7 (75. Na3 $19 {ist noch eine duenne Chance}) 75... c3 76. a6 bxa6 77. Nxa6
Kc4 78. Nb8 c2 79. Nd7 Ng6 80. g5 80... c1=Q {Mit der Mattdrohung Qd2} 81. h4
Qd2+ 82. Kg3 Qf4+ (82... h5 83. Nb6+ Kd4 84. Nc4 Qe2 85. Nd6 Nxh4 86. Nf5+
Nxf5+ 87. Kh3 Qf3+ 88. Kh2 Qf2+ 89. Kh3 Qg3#) 83. Kg2 Nxh4+ 84. Kh3 h5 85. Nf6
gxf6 86. gxf6 Qg4+ 87. Kh2 Qg2# 0-1

[Event "ICS rated blitz match"]
[Site "204.178.125.65"]
[Date "1999.11.13"]
[Round "?"]
[White "Talmoves"]
[Black "Hossa"]
[Result "1-0"]
[WhiteElo "2666"]
[BlackElo "2419"]
[PlyCount "141"]
[EventDate "1999.??.??"]

1. e4 e5 2. Nf3 Nf6 3. Nxe5 Qe7 4. d4 d6 5. Nf3 Qxe4+ 6. Be2 Bf5 7. c3 Be7 8.
O-O O-O 9. Na3 Bg4 10. Bd3 Qd5 11. Nb5 Bd8 12. Re1 Bxf3 13. Qxf3 Qxf3 14. gxf3
a6 15. Na3 d5 16. Nc2 Nbd7 17. Bf5 c6 18. Bf4 Kh8 19. b3 Nb6 20. Re2 a5 21.
Rae1 a4 22. Bg3 axb3 23. Bd6 Rg8 24. axb3 Nc8 25. Bf4 Na7 26. Ra1 Nh5 27. Be5
Bg5 28. c4 Rge8 29. Kf1 f6 30. Bc7 Rxe2 31. Kxe2 Nf4+ 32. Kf1 g6 33. Bd7 Kg7
34. c5 Kf8 35. Bd6+ Kf7 36. h4 Bh6 37. Nb4 Ne6 38. Bxe6+ Kxe6 39. Ke2 Kf5 40.
Nc2 g5 41. h5 Ke6 42. Kd3 Kd7 43. Ne3 Bg7 44. Nf5 Bh8 45. f4 gxf4 46. Bxf4 Ke6
47. Nd6 Kd7 48. b4 f5 49. Nxf5 Rf8 50. Rxa7 Rxf5 51. Rxb7+ Ke6 52. Be3 Rxh5 53.
Rc7 Kf5 54. Rxc6 Rh1 55. Rd6 Rb1 56. Rxd5+ Kg4 57. c6 Rb3+ 58. Ke4 Be5 59. Kxe5
Rc3 60. Rc5 Ra3 61. c7 Ra8 62. c8=Q+ Rxc8 63. Rxc8 h5 64. d5 Kf3 65. d6 h4 66.
d7 h3 67. Rg8 h2 68. d8=Q h1=Q 69. Qd5+ Ke2 70. Qd2+ Kf3 71. Rg3# {
Hossa checkmated} 1-0

[Event "ICS rated blitz match"]
[Site "204.178.125.65"]
[Date "1999.11.13"]
[Round "?"]
[White "Hossa"]
[Black "Amateur"]
[Result "1-0"]
[WhiteElo "2413"]
[BlackElo "2409"]
[PlyCount "83"]
[EventDate "1999.??.??"]

1. e4 e5 2. Nf3 Nf6 3. Nxe5 d6 4. Nf3 Nxe4 5. d4 Nf6 6. Bd3 Be7 7. h3 Nc6 8. c3
O-O 9. O-O Re8 10. Re1 d5 11. Bg5 Be6 12. Nbd2 Qd6 13. Qc2 h6 14. Be3 a5 15.
Re2 a4 16. Rae1 a3 17. b4 Ra7 18. b5 Na5 19. Bf5 Bd7 20. Bf4 Qxf4 21. Bxd7 Nxd7
22. Rxe7 Rxe7 23. Rxe7 Qd6 24. Re8+ Nf8 25. Ne5 b6 26. Qb1 Rb7 27. Qb4 h5 28.
Nd7 Qxd7 29. Qxf8+ Kh7 30. Nf3 Nc4 31. Qh8+ Kg6 32. Re5 f5 33. Nh4+ Kf7 34.
Rxf5+ Qxf5 35. Nxf5 Ra7 36. Qxg7+ Ke6 37. Qe7+ Kxf5 38. Qf7+ Kg5 39. f4+ Kh6
40. g4 hxg4 41. hxg4 Nb2 42. g5# {Amateur checkmated} 1-0

[Event "ICS rated blitz match"]
[Site "204.178.125.65"]
[Date "1999.11.13"]
[Round "?"]
[White "lambChop"]
[Black "Hossa"]
[Result "1-0"]
[WhiteElo "2505"]
[BlackElo "2429"]
[PlyCount "157"]
[EventDate "1999.??.??"]

1. d4 d5 2. c4 e6 3. Nc3 Be7 4. cxd5 exd5 5. Bf4 Nf6 6. e3 O-O 7. Bd3 Na6 8. a3
c5 9. Bxa6 bxa6 10. dxc5 Bxc5 11. Nge2 Be6 12. Qd3 Rc8 13. Qxa6 Ne4 14. Rd1
Nxc3 15. Nxc3 Qd7 16. Qd3 Qc6 17. Nxd5 Rcd8 18. e4 f5 19. Be3 fxe4 20. Qc4 Bxd5
21. Qxc5 Qxc5 22. Bxc5 Bb3 23. Rd2 Rc8 24. Bxf8 Rc1+ 25. Ke2 Rxh1 26. Rd8 Kf7
27. Bd6 a5 28. Rc8 Rg1 29. g3 h5 30. Be5 g5 31. Rc5 a4 32. Bc3 Rh1 33. Rxg5
Rxh2 34. Rf5+ Kg6 35. Rf6+ Kh7 36. Ke3 Bc2 37. Rf8 Kg6 38. Rf4 Rh1 39. Rf6+ Kh7
40. Bd4 Rd1 41. Rd6 Rh1 42. Kf4 Kg8 43. Kf5 Rf1 44. Kf6 Rd1 45. Rd8+ Kh7 46.
Kg5 Rxd4 47. Rxd4 Kg7 48. Rc4 Bb3 49. Rxe4 Kg8 50. Kxh5 Kf8 51. Kg5 Bc2 52. Re3
Kf7 53. f4 Bb3 54. Rxb3 axb3 55. f5 Kf8 56. f6 Kf7 57. Kf5 Kg8 58. Ke6 Kh7 59.
f7 Kg7 60. Ke7 Kg6 61. f8=Q Kg5 62. Qg8+ Kf5 63. Qe6+ Kg5 64. a4 Kh5 65. Qg8
Kh6 66. Ke8 Kh5 67. Kf8 Kh6 68. a5 Kh5 69. a6 Kh6 70. Kf7 Kh5 71. Ke6 Kh6 72.
Kd5 Kh5 73. Kd6 Kh6 74. Ke6 Kh5 75. Kf6 Kh6 76. Ke5 Kh5 77. a7 Kh6 78. Kf5 Kh5
79. Qg6# {Hossa checkmated} 1-0

[Event "ICS rated blitz match"]
[Site "204.178.125.65"]
[Date "1999.11.13"]
[Round "?"]
[White "Hossa"]
[Black "lambChop"]
[Result "0-1"]
[WhiteElo "2416"]
[BlackElo "2518"]
[PlyCount "76"]
[EventDate "1999.??.??"]

1. e4 e5 2. Nf3 Nf6 3. Nxe5 d6 4. Nf3 Nxe4 5. d4 d5 6. Bd3 Bd6 7. Nbd2 Bf5 8.
Qe2 Qe7 9. Nxe4 dxe4 10. Bb5+ c6 11. Nd2 cxb5 12. Qxb5+ Qd7 13. Nc4 Be7 14.
Qxd7+ Bxd7 15. d5 Na6 16. Ne3 f5 17. c4 Nb4 18. O-O Nd3 19. Rd1 Rc8 20. g3 O-O
21. b3 f4 22. gxf4 Rxf4 23. a3 Nxf2 24. Rf1 Rcf8 25. Ra2 Bh4 26. a4 R8f6 27.
Rfxf2 Bxf2+ 28. Kh1 Rg6 29. h3 Rg1+ 30. Kh2 Rxc1 31. Ng4 Bg1+ 32. Kg2 Bxg4 33.
Kg3 Rf3+ 34. Kxg4 Bf2 35. Rxf2 Rg1+ 36. Rg2 Rxg2+ 37. Kh4 g6 38. b4 38... Rf4#
{Hossa checkmated} 0-1

[Event "ICS rated blitz match"]
[Site "204.178.125.65"]
[Date "1999.11.13"]
[Round "?"]
[White "Amateur"]
[Black "Hossa"]
[Result "1/2-1/2"]
[WhiteElo "2378"]
[BlackElo "2405"]
[PlyCount "39"]
[EventDate "1999.??.??"]

1. e4 e5 2. Nf3 Nf6 3. Nxe5 d6 4. Nf3 Nxe4 5. d4 d5 6. Bd3 Bd6 7. O-O O-O 8. c4
c6 9. Qc2 f5 10. cxd5 cxd5 11. Nc3 Be6 12. Qb3 Nc6 13. Qxb7 Nb4 14. Ne5 Rb8 15.
Qxa7 Bxe5 16. Bxe4 Ra8 17. Qb7 Rb8 18. Qa7 Ra8 19. Qb7 Rb8 20. Qa7 {
Game drawn by repetition} 1/2-1/2

[Event "ICS rated blitz match"]
[Site "204.178.125.65"]
[Date "1999.11.13"]
[Round "?"]
[White "Hossa"]
[Black "Amateur"]
[Result "0-1"]
[WhiteElo "2404"]
[BlackElo "2379"]
[PlyCount "100"]
[EventDate "1999.??.??"]

1. e4 e6 2. d4 d5 3. Nc3 Bb4 4. e5 c5 5. Bd2 cxd4 6. Nb5 Bc5 7. Qg4 g6 8. Nxd4
Qc7 9. Ngf3 Nd7 10. Nb5 Qb6 11. Qg3 a6 12. b4 axb5 13. bxc5 Nxc5 14. Ng5 h6 15.
Qh3 Bd7 16. Be2 Qc7 17. f4 Ne7 18. a3 Ne4 19. Nxe4 dxe4 20. Rc1 Qb6 21. c4 bxc4
22. Rxc4 Nd5 23. Bc1 e3 24. O-O Ra4 25. Rxa4 Bxa4 26. Kh1 Bc2 27. Re1 Qa5 28.
Qg3 h5 29. h4 Ne7 30. Rf1 Nf5 31. Qh3 g5 32. hxg5 h4 33. Qg4 Ng3+ 34. Kg1 Nxf1
35. Kxf1 h3 36. gxh3 Bf5 37. Qg3 Rxh3 38. Qg2 Rh4 39. Qg3 Rh1+ 40. Kg2 Be4+ 41.
Bf3 e2 42. Bxe4 e1=Q 43. Qxe1 Qxe1 44. Be3 Qf1+ 45. Kg3 Rh3+ 46. Kg4 Rxe3 47.
g6 Qh3+ 48. Kg5 Rg3+ 49. Kf6 Qh8+ 50. g7 50... Qh4# {Hossa checkmated} 0-1

[Event "ICS rated blitz match"]
[Site "204.178.125.65"]
[Date "1999.11.13"]
[Round "?"]
[White "marusya"]
[Black "Hossa"]
[Result "0-1"]
[WhiteElo "2122"]
[BlackElo "2387"]
[PlyCount "60"]
[EventDate "1999.??.??"]

1. e4 e5 2. Nf3 Nf6 3. Nc3 Bb4 4. Bc4 d6 5. O-O Bxc3 6. dxc3 Bg4 7. h3 Bxf3 8.
Qxf3 Nc6 9. Bg5 O-O 10. Rad1 Rb8 11. b4 Re8 12. Qg3 Qe7 13. Qh4 a5 14. a3 axb4
15. axb4 b5 16. Bb3 Nd8 17. f4 h6 18. Bxh6 gxh6 19. Qxh6 Ne6 20. fxe5 Nxe4 21.
exd6 cxd6 22. Rd5 Qa7+ 23. Kh2 Qc7 24. Rff5 Qxc3 25. Rd3 Qg7 26. Qh4 N6g5 27.
Rg3 Re5 28. Bxf7+ Kf8 29. Rf1 Nxg3 30. Qxg3 30... Nxf7 {marusya resigns} 0-1

[Event "ICS Rated blitz match"]
[Site "204.178.125.65"]
[Date "1999.11.13"]
[Round "?"]
[White "PostModernist"]
[Black "Hossa"]
[Result "0-1"]
[WhiteElo "2578"]
[BlackElo "2383"]
[PlyCount "138"]
[EventDate "1999.??.??"]

1. d4 Nf6 2. Nf3 e6 3. Bg5 h6 4. Bxf6 Qxf6 5. e4 d6 6. Nc3 Bd7 7. Bb5 c6 8. Bd3
e5 9. d5 g6 10. Qd2 Bg7 11. Bc4 Bg4 12. O-O-O b5 13. dxc6 bxc4 14. Nd5 Qd8 15.
c7 Qd7 16. cxb8=Q+ Rxb8 17. Ne3 Be6 18. Qxd6 Qb7 19. Qa3 Qxe4 20. Qa4+ Kf8 21.
Qxa7 Ra8 22. Qc5+ Kg8 23. a3 Rh7 24. Nd5 Kh8 25. Rhe1 Qg4 26. Nc7 Rb8 27. Nxe6
fxe6 28. Nxe5 Qxg2 29. Rd2 Bf6 30. f4 Qb7 31. c3 Rc7 32. Qd6 Bxe5 33. Qxe5+ Rg7
34. Rg1 Kh7 35. Qxe6 Qb5 36. Qe4 Re8 37. Qc2 Qb6 38. Rdg2 Rf8 39. Qe4 Rf6 40.
Qxc4 Qe3+ 41. Kb1 Rxf4 42. Qc6 Qd3+ 43. Ka2 Rf8 44. Rg3 Qf5 45. Qd6 Rf6 46. Qb8
Qc2 47. h3 Qe2 48. a4 Rf2 49. Qb3 Qe4 50. Rg4 Qf3 51. R1g3 Qc6 52. Rb4 Qh1 53.
Rb8 Rf1 54. Qb6 Ra1+ 55. Kb3 Qd1+ 56. Kc4 Rxa4+ 57. b4 Raa7 58. Rc8 Qf1+ 59.
Rd3 Rad7 60. Qe3 Rgf7 61. Qd4 Rxd4+ 62. cxd4 Rf3 63. Rc7+ Kg8 64. Rc8+ Kf7 65.
Rc7+ Ke6 66. d5+ Kf6 67. Rc6+ Kg5 68. Kc5 Rxd3 69. h4+ 69... Kxh4 {
PostModernist resigns} 0-1

[Event "ICS rated standard match"]
[Site "204.178.125.65"]
[Date "1999.11.13"]
[Round "?"]
[White "Evilone"]
[Black "Hossa"]
[Result "0-1"]
[WhiteElo "2052"]
[BlackElo "2323"]
[PlyCount "60"]
[EventDate "1999.??.??"]

1. d4 d5 2. c4 e6 3. e4 dxe4 4. Nc3 Nf6 5. f3 exf3 6. Nxf3 Nbd7 7. Bd3 c5 8. d5
Nb6 9. O-O Be7 10. Ng5 h6 11. Nge4 exd5 12. Nxf6+ Bxf6 13. Re1+ Be6 14. cxd5
Nxd5 15. Bb5+ Kf8 16. Ne4 Bd4+ 17. Kh1 g6 18. Bd2 Nc7 19. Ba4 b5 20. Bc2 Bxb2
21. Qb1 Qd4 22. Be3 Qg7 23. Bxc5+ Kg8 24. Rf1 Bc4 25. Rf2 Bxa1 26. Qd1 Bxa2 27.
Bb3 Bxb3 28. Qxb3 Be5 29. Nd6 Bxd6 30. Bxd6 30... Qa1+ {Evilone resigns} 0-1

[Event "ICS rated bullet match"]
[Site "204.178.125.65"]
[Date "1999.11.13"]
[Round "?"]
[White "Tomo"]
[Black "Hossa"]
[Result "0-1"]
[WhiteElo "2088"]
[BlackElo "2465"]
[PlyCount "28"]
[EventDate "1999.??.??"]

1. e4 e5 2. Nf3 Nf6 3. Nxe5 d6 4. Nf3 Nxe4 5. d4 d5 6. Bd3 Bd6 7. O-O O-O 8. c4
c6 9. Nc3 Nxc3 10. bxc3 dxc4 11. Bxc4 Bg4 12. Re1 Qa5 13. Qd3 Nd7 14. Bg5 14...
Bxf3 {Tomo resigns} 0-1

[Event "ICS rated standard match"]
[Site "204.178.125.65"]
[Date "1999.11.13"]
[Round "?"]
[White "Hossa"]
[Black "Moron"]
[Result "0-1"]
[WhiteElo "2329"]
[BlackElo "2536"]
[PlyCount "93"]
[EventDate "1999.??.??"]

1. e4 c5 2. Nf3 d6 3. d4 cxd4 4. Qxd4 Nc6 5. Bb5 Bd7 6. Bxc6 Bxc6 7. Nc3 Nf6 8.
Bg5 e6 9. O-O-O Be7 10. Rhe1 O-O 11. Qd2 Qc7 12. Bxf6 Bxf6 13. Qxd6 Qa5 14. Nd4
Qg5+ 15. f4 Qxg2 16. Re2 Qg4 17. h3 Qh4 18. Nxc6 bxc6 19. Re3 Rad8 20. Qc7 Rc8
21. Qxa7 Qxf4 22. Kb1 Qf2 23. Qc5 Rcd8 24. Rde1 Bd4 25. Qg5 Bxe3 26. Qxe3 Rd2
27. Qxf2 Rxf2 28. a3 Rh2 29. Re3 Rd8 30. b4 Rdd2 31. Kb2 Rxc2+ 32. Kb3 Rc1 33.
Rd3 Kf8 34. a4 Ke7 35. b5 cxb5 36. axb5 Rcc2 37. Ka4 Rcd2 38. Rg3 Kd6 39. Ka5
Rh1 40. Ka6 g6 41. Rf3 Kc5 42. e5 Ra1+ 43. Kb7 Rd7+ 44. Kc8 Re7 45. Kd8 Rb7 46.
Ne4+ Kd4 47. Nd6 {Hossa resigns} 0-1

[Event "ICS rated standard match"]
[Site "204.178.125.65"]
[Date "1999.11.13"]
[Round "?"]
[White "Moron"]
[Black "Hossa"]
[Result "1-0"]
[WhiteElo "2543"]
[BlackElo "2322"]
[PlyCount "165"]
[EventDate "1999.??.??"]

1. e4 e5 2. Nf3 Nf6 3. Nxe5 d6 4. Nf3 Nxe4 5. d4 d5 6. Bd3 Bd6 7. O-O O-O 8. c4
c6 9. Nc3 Nxc3 10. bxc3 dxc4 11. Bxc4 Bg4 12. h3 Bh5 13. Re1 b5 14. Bd3 Nd7 15.
Bg5 Qc7 16. a4 b4 17. cxb4 Bxb4 18. Re4 Qa5 19. Be7 Bxe7 20. Rxe7 Qd8 21. Re1
Rb8 22. Be4 c5 23. Rc1 cxd4 24. Qxd4 Nf6 25. Qc3 Nxe4 26. Rxe4 Bxf3 27. Qxf3
Rb2 28. Rce1 Ra2 29. Rd1 Qb8 30. Qe3 Qc7 31. Re7 Qc6 32. Rxf7 Kxf7 33. Qb3+ Kg6
34. Qxa2 Rf4 35. a5 Rf5 36. Qa3 Qc7 37. Qd3 Kf6 38. a6 Ra5 39. Qd4+ Ke6 40. Rd3
h5 41. Rg3 g5 42. Qh8 Qc1+ 43. Kh2 Qc7 44. Qxh5 Kd7 45. Qf7+ Kd8 46. Qe6 Rc5
47. Qg8+ Kd7 48. Qg6 Rd5 49. f4 Qxf4 50. Qg7+ Ke6 51. Qg8+ Kd6 52. Qb8+ Ke6 53.
Qxf4 gxf4 54. Rg7 Rd2 55. Kg1 f3 56. gxf3 Rd1+ 57. Kg2 Rd8 58. Rxa7 Rg8+ 59.
Kf2 Rh8 60. Kg3 Rg8+ 61. Kh4 Rh8+ 62. Kg4 Rg8+ 63. Kf4 Rf8+ 64. Ke4 Kd6 65. Rg7
Kc6 66. a7 Kb6 67. h4 Re8+ 68. Kf4 Rf8+ 69. Kg5 Rc8 70. h5 Rc5+ 71. Kf4 Ra5 72.
h6 Ra4+ 73. Kg5 Ra5+ 74. Kg6 Kc5 75. h7 Ra6+ 76. Kg5 Kc4 77. h8=Q Ra5+ 78. Kf4
Rc5 79. a8=Q Rb5 80. Rc7+ Rc5 81. Qa2+ Kd3 82. Rd7+ Rd5 83. Rxd5# {
Hossa checkmated} 1-0

[Event "ICS rated standard match"]
[Site "204.178.125.65"]
[Date "1999.11.13"]
[Round "?"]
[White "Hossa"]
[Black "Moron"]
[Result "0-1"]
[WhiteElo "2315"]
[BlackElo "2550"]
[PlyCount "152"]
[EventDate "1999.??.??"]

1. e4 c5 2. c3 Nf6 3. e5 Nd5 4. d4 cxd4 5. Qxd4 e6 6. Nf3 Nc6 7. Qd1 d6 8. Bb5
Qc7 9. c4 Nb6 10. Bf4 d5 11. Nbd2 a6 12. cxd5 Nxd5 13. Bxc6+ Qxc6 14. Rc1 Qb5
15. Bg5 h6 16. a4 Qd3 17. Bh4 Bb4 18. Bg3 Bd7 19. Ra1 Rc8 20. Qe2 Qc2 21. O-O
Qxb2 22. Qd3 Qc2 23. Qxc2 Rxc2 24. Ne4 Rc4 25. Nd6+ Bxd6 26. exd6 Rxa4 27. Rxa4
Bxa4 28. Ra1 Bd7 29. Ne5 Nc3 30. f3 f6 31. Nd3 Bc6 32. Nc5 e5 33. Be1 Nd5 34.
Ba5 Bb5 35. Nxb7 Kd7 36. Rd1 Rb8 37. Rxd5 Rxb7 38. Rd2 Bc4 39. Bc7 Rb5 40. Rc2
Bd5 41. Rc3 g5 42. Kf2 Rb2+ 43. Kf1 h5 44. h3 g4 45. hxg4 hxg4 46. Rc5 Bc6 47.
fxg4 Bxg2+ 48. Ke1 Bf3 49. Ra5 e4 50. Rf5 Bxg4 51. Rf2 Rb3 52. Rxf6 e3 53. Kf1
Rb1+ 54. Kg2 e2 55. Rf7+ Kc6 56. Ba5 e1=Q 57. Bxe1 Rxe1 58. Rf4 Bd7 59. Rd4 a5
60. Kf2 Re6 61. Rd1 a4 62. Rd4 Kc5 63. Rd2 Rxd6 64. Re2 a3 65. Kg3 Rd1 66. Kf2
Bb5 67. Ra2 Kb4 68. Rc2 Bc4 69. Kg3 a2 70. Rb2+ Kc3 71. Kf4 Kxb2 72. Ke5 a1=Q
73. Kf4 Rf1+ 74. Kg4 Rf2 75. Kh3 Qg1 76. Kh4 76... Rh2# {Hossa checkmated} 0-1

[Event "ICS rated blitz match"]
[Site "204.178.125.65"]
[Date "1999.11.13"]
[Round "?"]
[White "Skeletor"]
[Black "Hossa"]
[Result "1-0"]
[WhiteElo "2656"]
[BlackElo "2384"]
[PlyCount "119"]
[EventDate "1999.??.??"]

1. d4 d5 2. c4 e6 3. Nf3 Nf6 4. Nc3 Bb4 5. Bg5 dxc4 6. e4 c5 7. e5 cxd4 8. Qa4+
Nc6 9. O-O-O Bd7 10. Ne4 Ne7 11. Qxb4 Nxe4 12. Bxe7 Qxe7 13. Qxb7 O-O 14. Qxe4
d3 15. Kb1 Bb5 16. Rd2 Rab8 17. Qh4 Qxh4 18. Nxh4 Rfd8 19. Kc1 Bc6 20. Rg1 Rb5
21. f4 Be4 22. Nf3 Bxf3 23. gxf3 Rd4 24. Rg4 h5 25. Rh4 g6 26. Rd1 Rxe5 27.
fxe5 Rxh4 28. b3 cxb3 29. axb3 Rxh2 30. Bxd3 a5 31. Be4 Kg7 32. Rd2 Rxd2 33.
Kxd2 h4 34. Ke3 g5 35. Bd3 Kh6 36. Bf1 Kh5 37. Bh3 Kg6 38. Kd4 f5 39. exf6 Kxf6
40. Ke4 e5 41. Bg4 Kg6 42. Kxe5 Kg7 43. Kf5 Kh6 44. Kf6 h3 45. Bxh3 Kh5 46. Bf5
Kh4 47. Bg4 Kg3 48. Kxg5 Kf2 49. f4 Ke3 50. f5 Kd4 51. f6 Kc3 52. Bd1 Kb4 53.
f7 Kb5 54. Kf6 Kb6 55. f8=Q Kc6 56. Bf3+ Kd7 57. Qe7+ Kc8 58. Qb7+ Kd8 59. Bg4
a4 60. Qc8# {Hossa checkmated} 1-0

[Event "ICS rated blitz match"]
[Site "204.178.125.65"]
[Date "1999.11.13"]
[Round "?"]
[White "Hossa"]
[Black "Skeletor"]
[Result "0-1"]
[WhiteElo "2378"]
[BlackElo "2662"]
[PlyCount "124"]
[EventDate "1999.??.??"]

1. d4 Nf6 2. Nf3 e6 3. c4 d5 4. Nc3 Be7 5. Bg5 h6 6. Bxf6 Bxf6 7. e4 dxe4 8.
Nxe4 Nc6 9. Nxf6+ Qxf6 10. Be2 O-O 11. d5 Rd8 12. Qb3 exd5 13. cxd5 Ne7 14. Rd1
b6 15. Bc4 Qd6 16. O-O Bb7 17. Rfe1 a6 18. Rd2 b5 19. Bd3 Bxd5 20. Qc2 Re8 21.
Be4 Rad8 22. Bh7+ Kh8 23. Be4 c6 24. Re3 Qf6 25. b4 Bc4 26. Re1 Nd5 27. a3 Rd6
28. Rdd1 Rde6 29. Nd4 Re5 30. f3 Nf4 31. a4 Nd5 32. axb5 cxb5 33. Qd2 Kg8 34.
Ra1 Nf4 35. Red1 Rd8 36. Kh1 Ne2 37. Qe3 Rxe4 38. Qxe4 Nxd4 39. Rab1 Be6 40.
Qe3 Bc4 41. Qe4 Rd6 42. Re1 Nc6 43. Qe8+ Kh7 44. Qf8 Bd3 45. Rbd1 Nxb4 46. Re8
a5 47. Rde1 a4 48. R8e7 Bc4 49. Re8 Nd3 50. Rb1 a3 51. Ra8 a2 52. Rf1 Nf2+ 53.
Kg1 Nh3+ 54. gxh3 Qg5+ 55. Kh1 Bxf1 56. Qg8+ Kg6 57. Rxa2 Bg2+ 58. Kg1 Rd1+ 59.
Kf2 Qh4+ 60. Kxg2 Qg5+ 61. Kf2 Qg1+ 62. Ke2 62... Qe1# {Hossa checkmated} 0-1

[Event "ICS rated bullet match"]
[Site "204.178.125.65"]
[Date "1999.11.13"]
[Round "?"]
[White "Hossa"]
[Black "cyberparkhusler"]
[Result "1-0"]
[WhiteElo "2468"]
[BlackElo "949"]
[PlyCount "29"]
[EventDate "1999.??.??"]

1. e4 e5 2. Nf3 f6 3. c3 d5 4. exd5 Qxd5 5. d4 Qe4+ 6. Be3 g5 7. dxe5 Bh6 8.
exf6 Nxf6 9. Qe2 Nbd7 10. Nbd2 Qg4 11. Bxg5+ Kf7 12. Bxh6 Qe6 13. Ng5+ Ke7 14.
Qxe6+ Kd8 15. Nf7# {cyberparkhusler checkmated} 1-0

[Event "ICS rated blitz match"]
[Site "204.178.125.65"]
[Date "1999.11.13"]
[Round "?"]
[White "Hossa"]
[Black "JackBach"]
[Result "1-0"]
[WhiteElo "2364"]
[BlackElo "1377"]
[PlyCount "73"]
[EventDate "1999.??.??"]

1. Nf3 e6 2. g3 c5 3. e4 h5 4. Nc3 Qb6 5. Bh3 Be7 6. O-O d6 7. d3 Nd7 8. Rb1
Bf6 9. Bg5 Bxc3 10. bxc3 Qa5 11. Qd2 Qxa2 12. Ra1 Qb2 13. Rfb1 Qb6 14. Rxb6
Nxb6 15. Bf1 d5 16. exd5 Nxd5 17. c4 Nb4 18. Be3 b6 19. c3 Nc6 20. Rb1 e5 21.
Bg2 Bf5 22. Nd4 Nxd4 23. Bxa8 Ne6 24. Ra1 a5 25. Rb1 Nf6 26. Rxb6 O-O 27. Bd5
Nc7 28. Bxc5 Nfxd5 29. cxd5 Nxd5 30. Rb5 Ra8 31. Bd6 Nf6 32. Bxe5 Bd7 33. Bxf6
Bxb5 34. Qg5 Kf8 35. Bxg7+ Kg8 36. Bh6+ Kh7 37. Qg7# {JackBach checkmated} 1-0